| 000 | 00913nam a22002777a 4500 | ||
|---|---|---|---|
| 001 | 6788 | ||
| 003 | FISKH | ||
| 005 | 20250528113239.0 | ||
| 008 | 250528b cb ||||| |||| 00| 0 eng d | ||
| 020 | _a9780375862212 | ||
| 040 |
_aFISKH _beng _cFISKH _dFISKH813.6 LCC PZ7.B76485 B |
||
| 050 | _aPZ7.B76485 B | ||
| 082 | _a813.6 | ||
| 100 | _aBright, J. E. | ||
| 245 |
_aBrain freeze! : _bDC super friends / |
||
| 260 |
_aRandom House : _bNew York, _c2010. |
||
| 300 |
_a32 pages : _bcolor illustrations ; _c23 cm |
||
| 490 |
_aStep in to reading : _vLevel 2 |
||
| 505 | _aG | ||
| 520 | _aBatman, Superman, Cyborg, the Flash, and the Green Lantern must battle Mr. Freeze when he encases Metropolis's central computer in ice and shuts down the city. | ||
| 521 | 8 |
_a410
_bLexile |
|
| 521 | 8 |
_aG
_bRaz-Plus |
|
| 650 |
_aSuperheroes _vCartoons and Comics |
||
| 942 |
_2ddc _cBK _n0 |
||
| 999 |
_c6788 _d6788 |
||